000 00739nam a2200181 4500
001 23604
005 20230410143253.0
008 060907n2003 dr spa
035 _9funglode23772
041 _aES, EN
050 1 4 _aLEWIS
111 _aSeminario Taller La responsabilidad de Proteger: Una Visión desde América Latina (24-25 de Marzo de 2003 : San José de Costa Rica)
245 1 3 _aLa responsabilidad de proteger :
_buna visión desde América Latina = The responsibility to protect: a Latin American approach /
_cLuis Alberto Cordero, director
260 _aSan José :
_bFundación Arias Para la Paz y el Progreso Humano,
_c2003
300 _a92, 90 p.
700 _aCordero, Luis Alberto
942 _2lcc
_cbk
999 _c98482
_d98482